[Event "Lloyds Bank Masters 18th"]
[Site "London"]
[Date "1994.08.27"]
[Round "8"]
[White "Summerscale, Aaron"]
[Black "McMahon, Daire"]
[Result "1-0"]
[WhiteElo "2440"]
[BlackElo "2240"]
[PlyCount "43"]
[EventDate "1994.08.20"]
[EventType "swiss"]
[EventRounds "10"]
[EventCountry "ENG"]
[SourceTitle "BritBase"]

1. d4 Nf6 2. c4 e6 3. g3 d5 4. Bg2 c6 5. Nf3 Nbd7 6. Qc2 Bd6 7. O-O Ne4 8. Nfd2
f5 9. Nxe4 dxe4 10. f3 exf3 11. Bxf3 O-O 12. Nc3 Qf6 13. e3 Qe7 14. e4 e5 15.
d5 Nc5 16. Bg2 fxe4 17. Rxf8+ Qxf8 18. Be3 cxd5 19. Rf1 Qe8 20. Nb5 Qe7 21.
Nxd6 Qxd6 22. Qf2 1-0

[Event "Lloyds Bank Masters 18th"]
[Site "London"]
[Date "1994.08.27"]
[Round "8"]
[White "Turner, Matthew"]
[Black "James, David J"]
[Result "1-0"]
[WhiteElo "2395"]
[BlackElo "2260"]
[PlyCount "35"]
[EventDate "1994.08.20"]
[EventType "swiss"]
[EventRounds "10"]
[EventCountry "ENG"]
[SourceTitle "BritBase"]

1. e4 c5 2. Nc3 d6 3. g3 Nc6 4. Bg2 g6 5. d3 Bg7 6. f4 e6 7. Nf3 Nge7 8. O-O
O-O 9. Be3 Nd4 10. e5 Qb6 11. Ne4 Nef5 12. Bf2 d5 13. Nxc5 Qxc5 14. Nxd4 Nxd4
15. c3 Qb5 16. Bxd4 Qxb2 17. a4 b5 18. Rf2 1-0

[Event "Lloyds Bank Masters 18th"]
[Site "London"]
[Date "1994.08.27"]
[Round "8"]
[White "Webb, Laurence"]
[Black "Lejlic, Samir"]
[Result "0-1"]
[WhiteElo "2240"]
[BlackElo "2420"]
[PlyCount "114"]
[EventDate "1994.08.20"]
[EventType "swiss"]
[EventRounds "10"]
[EventCountry "ENG"]
[SourceTitle "BritBase"]

1. e4 e5 2. Nf3 Nc6 3. d4 exd4 4. Nxd4 Nf6 5. Nxc6 bxc6 6. Bd3 d5 7. e5 Ng4 8.
O-O Bc5 9. Qe2 Qe7 10. Bf4 g5 11. Bd2 Nxe5 12. Re1 Bd6 13. f4 gxf4 14. Bxf4
Bc5+ 15. Kh1 Nxd3 16. Qxe7+ Bxe7 17. cxd3 Kd7 18. Nd2 Ba6 19. Nf3 f6 20. d4
Rhe8 21. Kg1 Bd6 22. Be3 Rab8 23. b3 Re4 24. Nd2 Re6 25. Bf2 Rbe8 26. Rxe6 Rxe6
27. Re1 Rxe1+ 28. Bxe1 c5 29. Bf2 Bf4 30. Nb1 c4 31. b4 Bc1 32. Be1 Kc6 33. a4
Bc8 34. Kf2 Bf5 35. Nc3 Be4 36. g3 f5 37. Na2 Ba3 38. h4 a6 39. Bd2 Kb7 40. Ke3
Bc2 41. Kf4 Bxa4 42. Kxf5 Bb3 43. Nc1 Bc2+ 44. Kf6 c3 45. Be3 Bxb4 46. g4 Kc6
47. g5 Kb5 48. h5 Kc4 49. g6 hxg6 50. hxg6 c5 51. g7 Bh7 52. Ke5 cxd4 53. Bxd4
a5 54. Na2 Bd6+ 55. Kxd6 Kxd4 56. Nc1 Kc4 57. Ke5 d4 0-1

[Event "Lloyds Bank Masters 18th"]
[Site "London"]
[Date "1994.08.27"]
[Round "8"]
[White "Williams, Simon Kim"]
[Black "Quinn, Mark"]
[Result "0-1"]
[WhiteElo "2185"]
[BlackElo "2305"]
[PlyCount "60"]
[EventDate "1994.08.20"]
[EventType "swiss"]
[EventRounds "10"]
[EventCountry "ENG"]
[SourceTitle "BritBase"]

1. c4 e5 2. Nc3 Nf6 3. Nf3 Nc6 4. d4 exd4 5. Nxd4 Bb4 6. Bg5 h6 7. Bh4 Bxc3+ 8.
bxc3 Ne5 9. Nf5 O-O 10. Qd4 d6 11. Nxh6+ Kh7 12. Bg5 c5 13. Qf4 Ng6 14. Qf3 Ne5
15. Qf4 Qa5 16. Rc1 Ng6 17. Qf3 Qxa2 18. Qd3 Be6 19. e3 Nd7 20. f4 gxh6 21. Be7
Bxc4 22. Qxc4 Qxc4 23. Bxc4 Nxe7 24. g4 Nb6 25. Bd3+ Kg7 26. h4 Ned5 27. Kf2
Rae8 28. g5 Rxe3 29. Bf5 Rxc3 30. gxh6+ Kxh6 0-1

[Event "Lloyds Bank Masters 18th"]
[Site "London"]
[Date "1994.08.28"]
[Round "9"]
[White "Allen, Andrew"]
[Black "McDonald, Neil R"]
[Result "1-0"]
[WhiteElo "2275"]
[BlackElo "2420"]
[PlyCount "57"]
[EventDate "1994.08.20"]
[EventType "swiss"]
[EventRounds "10"]
[EventCountry "ENG"]
[SourceTitle "BritBase"]

1. Nf3 Nf6 2. g3 d5 3. Bg2 e6 4. O-O Be7 5. d3 c5 6. Nbd2 Nc6 7. e4 b6 8. Re1
Bb7 9. c3 Qc7 10. Nf1 dxe4 11. dxe4 Nd7 12. Qe2 h6 13. Bf4 Bd6 14. e5 Be7 15.
h4 O-O-O 16. Rad1 Rdg8 17. Qe3 g5 18. hxg5 hxg5 19. Nxg5 Bxg5 20. Bxg5 Ncxe5
21. Bf4 Rh5 22. Rxd7 Qxd7 23. Bxe5 f6 24. Bxf6 Bxg2 25. Kxg2 e5 26. Qe4 Qe6 27.
Bxe5 Rg4 28. Qa8+ Kd7 29. Rd1+ 1-0

[Event "Lloyds Bank Masters 18th"]
[Site "London"]
[Date "1994.08.28"]
[Round "9"]
[White "Alterman, Boris"]
[Black "Parker, Jonathan"]
[Result "1-0"]
[WhiteElo "2585"]
[BlackElo "2400"]
[PlyCount "85"]
[EventDate "1994.08.20"]
[EventType "swiss"]
[EventRounds "10"]
[EventCountry "ENG"]
[SourceTitle "BritBase"]

1. d4 d5 2. c4 e6 3. Nc3 Nf6 4. cxd5 exd5 5. Bg5 c6 6. Qc2 g6 7. e3 Bf5 8. Qb3
b6 9. f3 Be7 10. g4 Be6 11. Bh6 Bf8 12. Bxf8 Kxf8 13. Nge2 Qd6 14. Nf4 Nbd7 15.
O-O-O h5 16. g5 Ne8 17. Bd3 Kg7 18. Qc2 Nf8 19. Nfe2 Qe7 20. h4 c5 21. Qd2 c4
22. Bc2 Nc7 23. e4 b5 24. exd5 Bxd5 25. Nxd5 Nxd5 26. Be4 Qd6 27. Bxd5 Qxd5 28.
Nc3 Qf5 29. d5 Nd7 30. Qd4+ Kh7 31. Ne4 c3 32. bxc3 b4 33. c4 Rab8 34. Rd3 Rb6
35. d6 Rc8 36. Kb2 Rbc6 37. Rc1 a5 38. Qd5 Ne5 39. Rd4 Nxc4+ 40. Rcxc4 Qxd5 41.
Nf6+ Kg7 42. Nxd5 Rxc4 43. Rxc4 1-0

[Event "Lloyds Bank Masters 18th"]
[Site "London"]
[Date "1994.08.28"]
[Round "9"]
[White "Ansell, Simon T"]
[Black "Rossiter, Philip J"]
[Result "1-0"]
[WhiteElo "2305"]
[BlackElo "2380"]
[PlyCount "119"]
[EventDate "1994.08.20"]
[EventType "swiss"]
[EventRounds "10"]
[EventCountry "ENG"]
[SourceTitle "BritBase"]

1. e4 c5 2. Nf3 e6 3. d4 cxd4 4. Nxd4 Nf6 5. Nc3 d6 6. g4 h6 7. h4 Nc6 8. Rg1
h5 9. gxh5 Nxh5 10. Bg5 Nf6 11. Qd2 Qb6 12. Nb3 a6 13. O-O-O Bd7 14. Qe1 Ne5
15. Be2 Rc8 16. f4 Nc4 17. f5 Ne5 18. fxe6 fxe6 19. Rg3 Qc7 20. Nd4 b5 21. a3
Qb7 22. Bd3 Rc5 23. Nf3 Nh5 24. Nxe5 Rxe5 25. Rg1 Bc6 26. Qf2 Be7 27. Qd4 Qc7
28. Rdf1 Bf6 29. Bxf6 Nxf6 30. Rxg7 Qxg7 31. Qxd6 Nd7 32. Qxc6 Rf8 33. Rxf8+
Kxf8 34. Qxa6 Qg1+ 35. Nd1 Qc5 36. Qa5 Nf6 37. Qc3 Qd6 38. Qe1 Rh5 39. Nc3 Qf4+
40. Kb1 Rxh4 41. Qg1 Qe5 42. Qb6 Kg7 43. Qb7+ Kh6 44. Qe7 Rg4 45. Ka2 Rg3 46.
Qe8 Rg7 47. Nxb5 Nd7 48. Qh8+ Rh7 49. Qxe5 Nxe5 50. Nd4 Re7 51. b4 Kg5 52. Nb3
Kf4 53. Nc5 Ke3 54. Kb3 Rh7 55. Bc4 Nf3 56. Bxe6 Nd4+ 57. Kc4 Nxc2 58. a4 Rh1
59. a5 Rb1 60. Nb3 1-0

[Event "Lloyds Bank Masters 18th"]
[Site "London"]
[Date "1994.08.28"]
[Round "9"]
[White "Arkell, Keith C"]
[Black "Bartels, Hans A"]
[Result "0-1"]
[WhiteElo "2470"]
[BlackElo "2335"]
[PlyCount "74"]
[EventDate "1994.08.20"]
[EventType "swiss"]
[EventRounds "10"]
[EventCountry "ENG"]
[SourceTitle "BritBase"]

1. d4 d5 2. c4 e6 3. Nc3 Nf6 4. Nf3 Be7 5. Bg5 O-O 6. e3 h6 7. Bxf6 Bxf6 8.
cxd5 exd5 9. b4 c6 10. Be2 Be7 11. Qb3 Bd6 12. O-O Qe7 13. b5 Bf5 14. a4 a5 15.
Na2 Nd7 16. Nc1 Rfc8 17. Nd3 Be4 18. bxc6 bxc6 19. Rfc1 Rab8 20. Qc3 c5 21.
dxc5 Nxc5 22. Nde1 Qd8 23. Qa3 Nb3 24. Rxc8 Qxc8 25. Qxd6 Nxa1 26. Bb5 Nb3 27.
h3 Qf8 28. Qe5 Rc8 29. Kh2 Qb4 30. Nd3 Qc3 31. Qxc3 Rxc3 32. Nde5 f6 33. Nc6
Bxf3 34. gxf3 Kf7 35. Kg3 Ke6 36. Kf4 Kd6 37. Nd8 Rc8 0-1

[Event "Lloyds Bank Masters 18th"]
[Site "London"]
[Date "1994.08.28"]
[Round "9"]
[White "Basman, Michael John"]
[Black "Lau, Ralf"]
[Result "0-1"]
[WhiteElo "2375"]
[BlackElo "2515"]
[PlyCount "94"]
[EventDate "1994.08.20"]
[EventType "swiss"]
[EventRounds "10"]
[EventCountry "ENG"]
[SourceTitle "BritBase"]

1. h3 d5 2. a3 g6 3. c4 dxc4 4. e3 Be6 5. Qc2 Qd5 6. Nf3 Nc6 7. Nc3 Qf5 8. e4
Qa5 9. d4 cxd3 10. Bxd3 Bg7 11. O-O Ne5 12. Nxe5 Qxe5 13. Be3 c6 14. f4 Qd6 15.
e5 Qd7 16. Rad1 Qc8 17. g4 f5 18. g5 h6 19. h4 hxg5 20. hxg5 Kf7 21. Be2 Rh3
22. Bf2 Bd5 23. Nxd5 cxd5 24. Qxc8 Rxc8 25. Rxd5 Rb3 26. Rb5 Rxb5 27. Bxb5 a6
28. Bd7 Rc4 29. e6+ Kf8 30. Be3 Bxb2 31. a4 b5 32. axb5 axb5 33. Kf2 b4 34. Ke2
Rc2+ 35. Kd3 b3 36. Rb1 Rc3+ 37. Ke2 Ba3 38. Bd4 Rh3 39. Be3 b2 40. Ba4 Rh2+
41. Kd3 Rh3 42. Kd4 Kg7 43. Bd2 Bd6 44. Rf1 Rf3 45. Rb1 Bxf4 46. Bc6 Bxd2 47.
Bxf3 Bxg5 0-1

[Event "Lloyds Bank Masters 18th"]
[Site "London"]
[Date "1994.08.28"]
[Round "9"]
[White "Ben Menachem, Itzhak"]
[Black "Barua, Dibyendu"]
[Result "0-1"]
[WhiteElo "2345"]
[BlackElo "2495"]
[PlyCount "66"]
[EventDate "1994.08.20"]
[EventType "swiss"]
[EventRounds "10"]
[EventCountry "ENG"]
[SourceTitle "BritBase"]

1. d4 d5 2. Nf3 c6 3. Bf4 Bf5 4. e3 Qb6 5. Qc1 Nd7 6. Be2 c5 7. O-O Rc8 8. c3
cxd4 9. exd4 h6 10. a4 g5 11. Bg3 a6 12. a5 Qg6 13. Re1 Ngf6 14. Ne5 Nxe5 15.
Bxe5 Bg7 16. Ra4 Ne4 17. Bxg7 Qxg7 18. Rb4 Rc7 19. Qd1 Qg6 20. Qb3 Qc6 21. Rb6
Qd7 22. f3 Nf6 23. Nd2 O-O 24. Qb4 Bc2 25. Bd1 Bxd1 26. Rxd1 Qf5 27. Re1 Qd3
28. Nf1 e6 29. Rxb7 Rxb7 30. Qxb7 Nh5 31. Re3 Qc2 32. Qxa6 Nf4 33. b4 Qxg2# 0-1

[Event "Lloyds Bank Masters 18th"]
[Site "London"]
[Date "1994.08.28"]
[Round "9"]
[White "Burke, John S"]
[Black "Dunworth, Chris"]
[Result "1/2-1/2"]
[WhiteElo "2010"]
[BlackElo "2220"]
[PlyCount "127"]
[EventDate "1994.08.20"]
[EventType "swiss"]
[EventRounds "10"]
[EventCountry "ENG"]
[SourceTitle "BritBase"]

1. e4 g6 2. d4 d6 3. Nc3 c6 4. a4 Bg7 5. h3 Nf6 6. Nf3 d5 7. e5 Ne4 8. Nxe4
dxe4 9. Ng5 c5 10. Bb5+ Nc6 11. c3 cxd4 12. cxd4 O-O 13. Be3 h6 14. Nxe4 Qd5
15. f3 Rd8 16. Bxc6 Qxc6 17. Qc1 Qa6 18. Nc5 Qa5+ 19. Qc3 Qc7 20. O-O b6 21.
Ne4 Qb7 22. Qb4 Bf5 23. Ng3 Bc2 24. Rfc1 Rac8 25. Ra3 e6 26. Rc3 Rxc3 27. bxc3
Bf8 28. Qb2 Bxa4 29. Qd2 Kh7 30. Ne4 Bg7 31. Qf2 Qe7 32. Qg3 Bc6 33. Nf2 Rg8
34. h4 a5 35. Ng4 h5 36. Bg5 Qa3 37. Nf6+ Bxf6 38. exf6 Rd8 39. Be3 Qd6 40. Bf4
Qd5 41. Be5 b5 42. Bc7 Ra8 43. Bxa5 Qf5 44. Bb4 Qxf6 45. Re1 Bd5 46. Bd6 Ra2
47. Re5 Ra1+ 48. Kh2 Ra2 49. Rg5 Qxf3 50. Qxf3 Bxf3 51. Rxb5 Rxg2+ 52. Kh3 f6
53. Be7 Kg7 54. Rc5 Rb2 55. Rc7 Rb7 56. Rxb7 Bxb7 57. Kg3 Kf7 58. Bd8 e5 59.
dxe5 fxe5 60. Kf2 Ke6 61. Ke3 Kf5 62. Be7 Ba6 63. Bd8 Bc4 64. Be7 1/2-1/2

[Event "Lloyds Bank Masters 18th"]
[Site "London"]
[Date "1994.08.28"]
[Round "9"]
[White "Chandler, Murray G"]
[Black "Mainka, Romuald"]
[Result "0-1"]
[WhiteElo "2545"]
[BlackElo "2485"]
[PlyCount "79"]
[EventDate "1994.08.20"]
[EventType "swiss"]
[EventRounds "10"]
[EventCountry "ENG"]
[SourceTitle "BritBase"]

1. e4 e5 2. Nf3 Nc6 3. d4 exd4 4. Nxd4 Nf6 5. Nc3 Bb4 6. Nxc6 bxc6 7. Bd3 O-O
8. O-O d5 9. exd5 cxd5 10. Bg5 c6 11. Qf3 Be7 12. h3 Nd7 13. Bxe7 Qxe7 14. Rfe1
Qg5 15. Na4 Qh4 16. c4 dxc4 17. Be4 Rb8 18. Bxc6 Nf6 19. Re7 Be6 20. Rxa7 Qd4
21. Ra5 Rfd8 22. Re1 h6 23. Rae5 Qa7 24. R5e2 Rd3 25. Qf4 Rc8 26. Bb5 Qa5 27.
Rxe6 fxe6 28. Qe5 Kh8 29. Nc3 Rd2 30. Qxe6 Rb8 31. Qe5 Qa7 32. Re2 Rdd8 33. a4
Qb6 34. Qf5 Qd4 35. Re7 Qd6 36. Re6 Qd4 37. Re7 Qd6 38. Rf7 Rf8 39. Qg6 Rxf7
40. Qxf7 {... possibly time} 0-1

[Event "Lloyds Bank Masters 18th"]
[Site "London"]
[Date "1994.08.28"]
[Round "9"]
[White "Gual Pascual, Antonio"]
[Black "Markowski, Tomasz"]
[Result "0-1"]
[WhiteElo "2395"]
[BlackElo "2475"]
[PlyCount "72"]
[EventDate "1994.08.20"]
[EventType "swiss"]
[EventRounds "10"]
[EventCountry "ENG"]
[SourceTitle "BritBase"]

1. d4 Nf6 2. c4 g6 3. Nc3 Bg7 4. e4 d6 5. f3 O-O 6. Bg5 c5 7. d5 e6 8. Qd2 exd5
9. cxd5 h6 10. Bxh6 Nxe4 11. Nxe4 Qh4+ 12. g3 Qxh6 13. Qxh6 Bxh6 14. Nxd6 Rd8
15. Nxc8 Rxc8 16. f4 Nd7 17. O-O-O Rd8 18. Nh3 c4 19. Bg2 Nc5 20. Kc2 Bg7 21.
f5 Nd3 22. fxg6 fxg6 23. Rxd3 cxd3+ 24. Kxd3 Rd6 25. Re1 Bxb2 26. Re7 Rb8 27.
Nf4 Bf6 28. Re6 Rbd8 29. Rxd6 Rxd6 30. Nxg6 Ra6 31. Nf4 Be5 32. Ne2 Kf7 33. Nc1
Rh6 34. h3 Bxg3 35. Kc2 Bd6 36. a4 Rh4 0-1

[Event "Lloyds Bank Masters 18th"]
[Site "London"]
[Date "1994.08.28"]
[Round "9"]
[White "Gufeld, Eduard"]
[Black "Franklin, Michael J"]
[Result "1-0"]
[WhiteElo "2440"]
[BlackElo "2250"]
[PlyCount "129"]
[EventDate "1994.08.20"]
[EventType "swiss"]
[EventRounds "10"]
[EventCountry "ENG"]
[SourceTitle "BritBase"]

1. e4 c5 2. Nf3 a6 3. c3 d5 4. exd5 Qxd5 5. d4 e6 6. Be2 Nf6 7. O-O Nc6 8. Bf4
Qd8 9. Qb3 Bd6 10. Bxd6 Qxd6 11. Qa3 Nd7 12. Nbd2 Qe7 13. Ne4 b6 14. dxc5 Nxc5
15. Nxc5 Qxc5 16. Qxc5 bxc5 17. Nd2 Ne5 18. Ne4 Nd7 19. Rad1 Ke7 20. Rd2 f5 21.
Nd6 Nf6 22. Re1 Ne4 23. Nxe4 fxe4 24. Red1 a5 25. Bb5 Ra7 26. a4 h6 27. Kf1 Rf8
28. Ke2 Rf5 29. Ke3 Rc7 30. Rd6 Rg5 31. g3 Rf5 32. Rc6 Rf3+ 33. Kxe4 Bb7 34.
Kxf3 Bxc6+ 35. Bxc6 Rxc6 36. Ke4 Kf6 37. h4 g5 38. h5 c4 39. g4 Rb6 40. Rd2 Rb8
41. f3 Rb6 42. Rd7 Rxb2 43. Rh7 Re2+ 44. Kd4 e5+ 45. Kd5 Re3 46. Rxh6+ Kf7 47.
Rc6 Rxc3 48. Ke4 Kf8 49. Rc7 Kg8 50. Rc5 Kh7 51. Rxe5 Ra3 52. Rxa5 Kh6 53. Ra6+
Kh7 54. Kf5 Rxf3+ 55. Kxg5 Rd3 56. Ra7+ Kh8 57. Rc7 c3 58. h6 Rd5+ 59. Kg6 Rd6+
60. Kh5 Ra6 61. Rc8+ Kh7 62. g5 Ra5 63. Rxc3 Kh8 64. Rc6 Kh7 65. Rb6 1-0

[Event "Lloyds Bank Masters 18th"]
[Site "London"]
[Date "1994.08.28"]
[Round "9"]
[White "Hassabis, Demis"]
[Black "Pert, Nicholas"]
[Result "1-0"]
[WhiteElo "2260"]
[BlackElo "2105"]
[PlyCount "124"]
[EventDate "1994.08.20"]
[EventType "swiss"]
[EventRounds "10"]
[EventCountry "ENG"]
[SourceTitle "BritBase"]

1. d4 e6 2. Nf3 Nf6 3. g3 b6 4. Bg2 Bb7 5. O-O Be7 6. b3 O-O 7. Bb2 c5 8. e3 d5
9. Ne5 Nbd7 10. c4 Rc8 11. Nc3 cxd4 12. exd4 Ba6 13. Re1 Nb8 14. cxd5 exd5 15.
Rc1 Re8 16. Ng4 Nbd7 17. Nxd5 Nxd5 18. Rxc8 Qxc8 19. Bxd5 Bb4 20. Rxe8+ Qxe8
21. Ne3 Nf6 22. Bg2 h6 23. a3 Bf8 24. Qc2 Bc8 25. h3 Nh7 26. Kh2 Ng5 27. h4 Ne6
28. Qc6 Qd8 29. Qd5 Qc7 30. Qc4 Qd8 31. b4 Nc7 32. d5 Ne8 33. Qd4 Nd6 34. Nc4
Nf5 35. Qe4 b5 36. Ne5 Nd6 37. Qd4 a6 38. Qc3 Qf6 39. Qf3 Qe7 40. Qc3 Qf6 41.
Qf3 Qe7 42. Bd4 Nf5 43. Nc6 Qc7 44. Be5 Bd6 45. Bxd6 Qxd6 46. Qe4 Bd7 47. Ne5
Ne7 48. Nxd7 Qxd7 49. Qe5 f5 50. Qb8+ Kh7 51. d6 Nc8 52. Qc7 Qxd6 53. Qxc8 Qf6
54. Qc6 Qd4 55. Qf3 Qf6 56. Bh3 g6 57. h5 Qf7 58. hxg6+ Kxg6 59. Qc6+ Kg7 60.
Qxa6 f4 61. Qxb5 fxg3+ 62. fxg3 h5 1-0

[Event "Lloyds Bank Masters 18th"]
[Site "London"]
[Date "1994.08.28"]
[Round "9"]
[White "Hunt, Harriet"]
[Black "Barnes, Michael"]
[Result "1-0"]
[WhiteElo "2225"]
[BlackElo "2335"]
[PlyCount "111"]
[EventDate "1994.08.20"]
[EventType "swiss"]
[EventRounds "10"]
[EventCountry "ENG"]
[SourceTitle "BritBase"]

1. e4 e5 2. Nf3 Nc6 3. Bb5 g6 4. O-O Bg7 5. c3 a6 6. Ba4 d6 7. d4 Bd7 8. Bg5 f6
9. Be3 Nh6 10. Bb3 Qe7 11. a4 Ng4 12. Bd2 h5 13. Nh4 O-O-O 14. Nxg6 Qe8 15.
Nxh8 Qxh8 16. f3 Nh6 17. d5 Ne7 18. Qe2 f5 19. Bg5 Bf6 20. Bxf6 Qxf6 21. Nd2
Rg8 22. Rf2 Ng6 23. Qe3 Nf4 24. Qa7 Kd8 25. exf5 Nh3+ 26. Kf1 Nxf2 27. Qxf2
Bxf5 28. Bc4 Qg6 29. Re1 Bd3+ 30. Kg1 Kc8 31. Bxd3 Qxd3 32. Ne4 Rg6 33. Qd2 Qc4
34. Qd1 a5 35. b3 Qa6 36. Qc2 Qb6+ 37. Kh1 Rg7 38. Qd2 Nf5 39. b4 h4 40. b5 Kb8
41. f4 Ka7 42. Ng5 Re7 43. Ne6 exf4 44. Qxf4 Rf7 45. Qd2 Kb8 46. Ng5 Rf8 47.
Ne4 Re8 48. Qf4 Rf8 49. Qg5 Ne3 50. Nf6 Rxf6 51. Qxf6 Ng4 52. Re8+ Ka7 53. Qd4
Qxd4 54. cxd4 Nf6 55. Rh8 Nxd5 56. Rxh4 1-0

[Event "Lloyds Bank Masters 18th"]
[Site "London"]
[Date "1994.08.28"]
[Round "9"]
[White "Lejlic, Samir"]
[Black "Cooper, Lawrence"]
[Result "1-0"]
[WhiteElo "2420"]
[BlackElo "2320"]
[PlyCount "61"]
[EventDate "1994.08.20"]
[EventType "swiss"]
[EventRounds "10"]
[EventCountry "ENG"]
[SourceTitle "BritBase"]

1. e4 e5 2. Nf3 Nc6 3. Nc3 Nf6 4. Bb5 Nd4 5. Ba4 Nxf3+ 6. Qxf3 c6 7. d3 d6 8.
O-O b5 9. Bb3 Be7 10. Qe2 O-O 11. f4 exf4 12. Bxf4 b4 13. Nd1 Bg4 14. Qe1 Bxd1
15. Rxd1 d5 16. Kh1 a5 17. Ba4 Rc8 18. Qe2 Nd7 19. c3 bxc3 20. bxc3 Nc5 21. Bc2
d4 22. Be5 dxc3 23. Qg4 f6 24. Bxc3 Nb7 25. d4 Qe8 26. e5 fxe5 27. dxe5 Rxf1+
28. Rxf1 Rc7 29. Qh3 h6 30. Qd3 g6 31. Qc4+ 1-0

[Event "Lloyds Bank Masters 18th"]
[Site "London"]
[Date "1994.08.28"]
[Round "9"]
[White "Levitt, Jonathan"]
[Black "Thiel, Thomas"]
[Result "1/2-1/2"]
[WhiteElo "2425"]
[BlackElo "2320"]
[PlyCount "66"]
[EventDate "1994.08.20"]
[EventType "swiss"]
[EventRounds "10"]
[EventCountry "ENG"]
[SourceTitle "BritBase"]

1. d4 Nf6 2. c4 g6 3. Nc3 d5 4. Bf4 Bg7 5. e3 c5 6. dxc5 Qa5 7. Rc1 dxc4 8.
Bxc4 O-O 9. Nf3 Qxc5 10. Bb3 Qa5 11. O-O Na6 12. Qe2 Nc5 13. Bc4 Be6 14. Nd4
Bxc4 15. Qxc4 Nce4 16. Nb3 Qf5 17. Nd4 Qh5 18. Nxe4 Nxe4 19. Nf3 Qf5 20. Nh4
Qe6 21. Qxe6 fxe6 22. Nf3 Rac8 23. Be5 Bxe5 24. Nxe5 Rxc1 25. Rxc1 Nxf2 26. Rc7
Nd1 27. Rxb7 Nxe3 28. Nf3 Rc8 29. Kf2 Nf5 30. Ne1 Rd8 31. Nf3 Rc8 32. Ne1 Rd8
33. Nf3 Rc8 1/2-1/2

[Event "Lloyds Bank Masters 18th"]
[Site "London"]
[Date "1994.08.28"]
[Round "9"]
[White "Mah, Karl"]
[Black "Poulton, James"]
[Result "1-0"]
[WhiteElo "2175"]
[BlackElo "2330"]
[PlyCount "81"]
[EventDate "1994.08.20"]
[EventType "swiss"]
[EventRounds "10"]
[EventCountry "ENG"]
[SourceTitle "BritBase"]

1. e4 e6 2. d4 d5 3. Nd2 Nf6 4. e5 Nfd7 5. Bd3 c5 6. c3 Nc6 7. Ngf3 f5 8. exf6
Nxf6 9. O-O cxd4 10. cxd4 Bd6 11. Re1 O-O 12. Nf1 Qb6 13. a3 a5 14. b3 Bd7 15.
Bb2 Rae8 16. Ng3 e5 17. dxe5 Ng4 18. Rf1 Ncxe5 19. Be2 Nf6 20. Bd4 Qd8 21. Nxe5
Bxe5 22. Bf3 Bc6 23. Bxe5 Rxe5 24. Qd4 Qe7 25. b4 axb4 26. axb4 Re8 27. Rfd1
Bb5 28. Nf1 Bxf1 29. Kxf1 Qd7 30. Kg1 g5 31. h3 h5 32. Ra5 Kh7 33. Kh2 Qd6 34.
g3 h4 35. Rd2 Kh6 36. Rb5 R8e6 37. Rxb7 hxg3+ 38. fxg3 Re3 39. Rd3 Nh5 40. Qh8+
Kg6 41. Bxh5+ 1-0

[Event "Lloyds Bank Masters 18th"]
[Site "London"]
[Date "1994.08.28"]
[Round "9"]
[White "Mayers, Dan E"]
[Black "Baker, Chris W"]
[Result "1-0"]
[WhiteElo "2165"]
[BlackElo "2260"]
[PlyCount "55"]
[EventDate "1994.08.20"]
[EventType "swiss"]
[EventRounds "10"]
[EventCountry "ENG"]
[SourceTitle "BritBase"]

1. e4 c5 2. d4 cxd4 3. c3 dxc3 4. Nxc3 Nc6 5. Nf3 d6 6. Bc4 e6 7. O-O Nf6 8.
Qe2 a6 9. Rd1 Qc7 10. Bg5 Be7 11. Rac1 O-O 12. Bd3 Qb8 13. Bb1 Ne5 14. Nxe5
dxe5 15. f4 h6 16. Bh4 exf4 17. e5 Bc5+ 18. Kh1 Nd7 19. Qe4 g6 20. Rxd7 Bxd7
21. Qxf4 Bc6 22. Bf6 Kh7 23. Ne4 Bxe4 24. Bxe4 Bd4 25. Rd1 Bxb2 26. Rd3 Qc7 27.
Qxh6+ Kxh6 28. Rh3# 1-0

[Event "Lloyds Bank Masters 18th"]
[Site "London"]
[Date "1994.08.28"]
[Round "9"]
[White "Mestel, A Jonathan"]
[Black "Turner, Matthew"]
[Result "1/2-1/2"]
[WhiteElo "2520"]
[BlackElo "2395"]
[PlyCount "34"]
[EventDate "1994.08.20"]
[EventType "swiss"]
[EventRounds "10"]
[EventCountry "ENG"]
[SourceTitle "BritBase"]

1. c4 c5 2. Nf3 Nc6 3. g3 g6 4. Bg2 Bg7 5. Nc3 Nf6 6. d4 cxd4 7. Nxd4 O-O 8.
O-O d6 9. Nxc6 bxc6 10. Bxc6 Rb8 11. Bg2 Qa5 12. Nb5 Bb7 13. Bxb7 Rxb7 14. Bd2
Qa6 15. a4 Qc6 16. Qc2 a6 17. Nd4 Qe4 1/2-1/2

[Event "Lloyds Bank Masters 18th"]
[Site "London"]
[Date "1994.08.28"]
[Round "9"]
[White "Mortazavi, Ali"]
[Black "Jakubovics, Nicholas"]
[Result "1-0"]
[WhiteElo "2410"]
[BlackElo "2255"]
[PlyCount "67"]
[EventDate "1994.08.20"]
[EventType "swiss"]
[EventRounds "10"]
[EventCountry "ENG"]
[SourceTitle "BritBase"]

1. e4 e5 2. Nf3 Nc6 3. Bc4 Nf6 4. d3 Bc5 5. c3 O-O 6. Bg5 d6 7. Bb3 Bb6 8. Nbd2
Be6 9. Qe2 Bxb3 10. axb3 h6 11. Bh4 Qe7 12. Nc4 Qe6 13. Nfd2 d5 14. Nxb6 axb6
15. O-O dxe4 16. dxe4 Ne7 17. Qc4 Qxc4 18. Nxc4 g5 19. Bg3 Nxe4 20. Bxe5 Nd5
21. f3 Nc5 22. Rxa8 Rxa8 23. Rd1 c6 24. b4 Nd7 25. Bd4 Ra2 26. Rd2 b5 27. Nd6
N7b6 28. Re2 Ra1+ 29. Kf2 Rd1 30. Re8+ Kh7 31. Rh8+ Kg6 32. Rg8+ Kh5 33. Nf5
Rd2+ 34. Kf1 1-0

[Event "Lloyds Bank Masters 18th"]
[Site "London"]
[Date "1994.08.28"]
[Round "9"]
[White "Piper, Matthew"]
[Black "Summerscale, Aaron"]
[Result "1/2-1/2"]
[WhiteElo "2255"]
[BlackElo "2440"]
[PlyCount "95"]
[EventDate "1994.08.20"]
[EventType "swiss"]
[EventRounds "10"]
[EventCountry "ENG"]
[SourceTitle "BritBase"]

1. e4 c5 2. Nf3 d6 3. d4 cxd4 4. Nxd4 Nf6 5. Nc3 a6 6. Be3 Ng4 7. Bg5 h6 8. Bh4
g5 9. Bg3 Bg7 10. Qd2 Nc6 11. Nb3 Be6 12. O-O-O Rc8 13. Nd5 Nge5 14. h4 g4 15.
Nf4 h5 16. Nxe6 fxe6 17. Kb1 b5 18. f3 Nc4 19. Qg5 Kf7 20. Nc5 Bf6 21. Nxe6
Kxe6 22. Qf5+ Kf7 23. Bxc4+ bxc4 24. e5 Qa5 25. Rxd6 Nxe5 26. Qe6+ Kg7 27. Rd5
Qxd5 28. Qxd5 Rhd8 29. Qa5 Nc6 30. Qxh5 c3 31. Qxg4+ Kf7 32. Qh5+ Kg7 33. Bf4
cxb2 34. Qg4+ Kh8 35. Qh5+ Kg7 36. Qh6+ Kg8 37. Qg6+ Kh8 38. Bg5 Bg7 39. Bh6
Bf6 40. Bg5 Bg7 41. Qh5+ Kg8 42. Qg4 Kh8 43. a3 Rc7 44. Qh5+ Kg8 45. Bh6 Bf6
46. Qg6+ Kh8 47. Bg5 Bg7 48. Bh6 1/2-1/2

[Event "Lloyds Bank Masters 18th"]
[Site "London"]
[Date "1994.08.28"]
[Round "9"]
[White "Quinn, Mark"]
[Black "Mithrakanth, Poorna Sharma"]
[Result "1/2-1/2"]
[WhiteElo "2305"]
[BlackElo "2460"]
[PlyCount "47"]
[EventDate "1994.08.20"]
[EventType "swiss"]
[EventRounds "10"]
[EventCountry "ENG"]
[SourceTitle "BritBase"]

1. c4 Nf6 2. g3 e6 3. Bg2 d5 4. Nf3 dxc4 5. Qa4+ Nbd7 6. Qxc4 a6 7. Qc2 c5 8.
O-O Qc7 9. d4 b5 10. Bf4 Qb6 11. Ne5 Bb7 12. dxc5 Bxc5 13. Bxb7 Qxb7 14. Nxd7
Nxd7 15. Nc3 Rc8 16. Qd3 Nf6 17. Be5 O-O 18. Qf3 Qxf3 19. exf3 Nd7 20. Bf4 Bd4
21. Rad1 Bxc3 22. bxc3 Nf6 23. Rd6 Rxc3 24. Rxa6 1/2-1/2